| 000 | 02011cam a2200397 i 4500 | ||
|---|---|---|---|
| 999 |
_c4246 _d4246 |
||
| 001 | 19419686 | ||
| 003 | OSt | ||
| 005 | 20250203152054.0 | ||
| 008 | 161227s2017 dcua j 001 0 eng | ||
| 010 | _a 2016051452 | ||
| 020 | _a9781426328374 (hardcover : alkaline paper) | ||
| 020 | _a9781426328381 (hardcover : alkaline paper) | ||
| 040 |
_aDLC _beng _cDLC _erda _dDLC |
||
| 042 | _apcc | ||
| 050 | 0 | 0 |
_aAG244 _b.B48 2017 |
| 082 | 0 | 0 |
_a031.02 _223 |
| 084 |
_aJNF016000 _2bisacsh |
||
| 245 | 0 | 0 |
_aBet you didn't know : _bfascinating, far-out, fun-tastic facts. |
| 246 | 3 | _aBet you did not know | |
| 264 | 1 |
_aWashington, D.C. : _bNational Geographic, _c[2017] |
|
| 300 |
_a192 pages : _bcolor illustrations ; _c31 cm |
||
| 336 |
_atext _btxt _2rdacontent |
||
| 337 |
_aunmediated _bn _2rdamedia |
||
| 338 |
_avolume _bnc _2rdacarrier |
||
| 490 | 0 | _aNational Geographic kids | |
| 500 | _aIncludes index. | ||
| 520 | 2 | _a"Did you know that the first stop signs were black and white? Or that a litter of kittens is called a kindle? There's a lot to know and we bet you'll have fun learning these fun, far-out facts in the next super series from National Geographic Kids! Based on a favorite department in Nat Geo Kids magazine, this book is chock-full of fascinating facts, silly stats, and catchy little knowledge nuggets in all kinds of cool categories, from astronomy and dinosaurs to revolutions and breakfast. Special features include Extreme Weirdness, Strange Places, Wacky World, and more"--Provided by publisher. | |
| 521 | 2 | _aGrades 4 to 6. | |
| 600 |
_aGEOGRAPHIC NATIONAL _qNATIONAL GEOGRAPHIC |
||
| 650 | 0 |
_aCuriosities and wonders _vJuvenile literature. |
|
| 650 | 7 |
_aJUVENILE NONFICTION / Curiosities & Wonders. _2bisacsh |
|
| 710 | 2 | _aNational Geographic Society (U.S.) | |
| 906 |
_a7 _bcbc _corignew _d1 _eecip _f20 _gy-gencatlg |
||
| 942 |
_2ddc _cNFIC |
||